000
00213 a2200097 4500
001
22873
100
_a
Pfeiffer, P E
245
_a
Linear Systems Analysis
260
_a
_b
McGraw hill
_c
1961
090
_c
15478
_d
15478
942
_a
NUST-CAE
_c
M
_c
6089
999
_c
257946
_d
257946